Models of financial crises and the position of securitization as a part of the third generation of the models of crises in the current global financial crisis
Teoretické vymedzenie modelov finančných kríz a ekonomických cyklov. Vyhodnotenie charakteru krízy s ohľadom na snahu o redukciu verejných výdavkov.
Saved in:
| Main Author: | |
|---|---|
| Format: | Book Chapter |
| Language: | English |
| Subjects: | |
| Tags: |
No Tags, Be the first to tag this record!
|
MARC
| LEADER | 00000nla a2200000 4500 | ||
|---|---|---|---|
| 001 | 0180634 | ||
| 005 | 20240502073101.7 | ||
| 041 | 0 | |a eng | |
| 044 | |a SK | ||
| 245 | 1 | 0 | |a Models of financial crises and the position of securitization as a part of the third generation of the models of crises in the current global financial crisis |c Monika Majerníková |
| 520 | |a Teoretické vymedzenie modelov finančných kríz a ekonomických cyklov. Vyhodnotenie charakteru krízy s ohľadom na snahu o redukciu verejných výdavkov. | ||
| 610 | 2 | 0 | |a kríza finančná |
| 610 | 2 | 0 | |a sekuritizácia |
| 610 | 2 | 0 | |a modely makroekonomické |
| 610 | 2 | 0 | |a cykly hospodárske |
| 610 | 2 | 0 | |a výdavky verejné |
| 100 | 1 | |a Majerníková, Monika | |